|
|
|
|
| LEADER |
00000cam a2200000 7i4500 |
| 001 |
0000065621 |
| 005 |
20121014093000.0 |
| 008 |
100222s2009 my eng |
| 020 |
|
|
|a 9789835371127 (set)
|
| 020 |
|
|
|a 9789835371134
|
| 020 |
|
|
|a 9835371121 (set)
|
| 020 |
|
|
|a 983537113X
|
| 050 |
0 |
0 |
|a d40 KBP1064
|b .I854 2009
|
| 090 |
0 |
0 |
|a d40 KBP1064
|b .I854 2009
|
| 245 |
0 |
0 |
|a Islamic equity market
|c Securities Commission Malaysia
|
| 260 |
|
|
|a Petaling Jaya, Selangor Darul Ehsan :
|b LexisNexis Malaysia ,
|c c2009
|
| 300 |
|
|
|a 140 p. :
|b ill. ;
|c 25 cm.
|
| 490 |
1 |
|
|a Islamic capital market
|
| 504 |
|
|
|a Includes bibliographical references and index
|
| 505 |
0 |
|
|a 1. Equity market (shares) -- Islamic stock screening: its overview and issues -- 3. Equity linked products -- 4. Islamic real estate investment trust (i-REITS) -- 5. Islamic derivatives markets -- 6. Islamic structured products -- 7. Shariah index -- 8. Islamic stock broking services: its nature and operations -- 9. Valuation and analysis -- 10. Islamic funds: islamic unit trusts -- 11. Islamic exchange-traded fund (ETF) -- 12. Islamic venture capital (IVC) -- 13. Islamic private equity (IPE)
|
| 650 |
|
0 |
|a Stock exchanges (Islamic law)
|
| 710 |
2 |
|
|a Malaysia .
|b Suruhanjaya Sekuriti
|
| 999 |
|
|
|a 1000129191
|b Book
|c OPEN SHELF (30 DAYS)
|e Gong Badak Campus
|
| 999 |
|
|
|a 1000129197
|b Book
|c OPEN SHELF (30 DAYS)
|e Gong Badak Campus
|
| 999 |
|
|
|a 1000134151
|b Book
|c OPEN SHELF (30 DAYS)
|e Gong Badak Campus
|
| 999 |
|
|
|a 1000165242
|b Book
|c Reference
|e Gong Badak Campus
|